Quizzes
Events
Quiz Creation
Community
Videos
Private Events
Remove Ads
Sign In
Join for FREE
Feedback
Dark Mode
Quiz Categories
Sports
Geography
Music
Movies
Television
Just For Fun
Miscellaneous
History
Literature
Language
Science
Gaming
Entertainment
Religion
Holiday
For Kids
Quiz Lab
Recent
Popular Today
Quiz Kudos Today
Editor Picks
Curator Picks
Quizzes by...
Day
Popularity
Type
Ratings
Length
Year
Community
Subscriptions
Recent Discussions
Orange Saloon
Badges
Playlists
Quests
Create
Leaderboards
Showdown
Live 5
Trivia Bingo
Activity
Puzzle Library
Sporcle Events
Private Events
Virtual Trivia
Globe League
Become a Host
Pub Owners
SporcleCon
Opinionation
Our Games
Videos
Blog
Mobile Apps
Partnerships
Remove Ads and Go Orange
Feedback
Sports
Athletes
MLB
NBA
NHL
NFL
Soccer
Sports Teams
WWE
NCAA
Football
Premier League
Basketball
Baseball
Hockey
Golf
Tennis
Cricket
Rugby
Auto Racing
Olympics
World Cup
Sports
Athletes
MLB
NBA
NHL
NFL
Soccer
Sports Teams
WWE
NCAA
Football
Premier League
Basketball
Baseball
Hockey
Golf
Tennis
Cricket
Rugby
Auto Racing
Olympics
World Cup
Random Quiz
Search Sporcle
×
Quiz Lab
Quiz Lab
Sports
Auto Racing
Type in answers that appear in a list
Type in answers that appear in a list
Classic
Best Score? Go Orange.
NASCAR Teamates: Reed Sorenson Stats
Can you name the Teamates: Reed Sorenson?
By
loganoelliottfan
10m
69 Questions
19 Plays
19 Plays
19 Plays
Comments
Comments
Give Quiz Kudos
Give Quiz Kudos
-
- Ratings
hide this ad
Replay
Link that replays current quiz
Next Quiz
Link to next quiz in quiz playlist
You Got
0%
They Got
Avg Score
44%
Avg Friend Score
Upgrade to see
Score Distribution
Jump to the score distribution portion of the page
Score
0/69
Timer
10:00
0
Plays Today
Years
Teamate
% Correct
2005-
2006, 2010
Casey Mears
84.2%
2006-
2008
Juan Pablo Montoya
68.4%
2010, 2012
Boris Said
68.4%
2016-
2017
Michael Waltrip
68.4%
2017-
Ross Chastain
68.4%
2017
Derrike Cope
68.4%
2005
Sterling Marlin
63.2%
2009
A.J. Allmendinger
63.2%
2009
Elliott Sadler
63.2%
2010
Brian Vickers
63.2%
2014
Dave Blaney
63.2%
2015
Joe Nemechek
63.2%
2018
Hermie Sadler
63.2%
2018
J.J. Yeley
63.2%
2019-
Quinn Houff
63.2%
2019-
Joe Nemechek
63.2%
2005, 2019-
Jamie McMurray
57.9%
2005-
2008
David Stremme
57.9%
2009-
2010
Kasey Kahne
57.9%
2012, 2015-
2016
Cole Whitt
57.9%
2015
David Gilliland
57.9%
2015
David Ragan
57.9%
2017-
2018
Joey Gase
57.9%
2011
P.J. Jones
52.6%
2015
Mike Wallace
52.6%
2018
Jeffrey Earnhardt
52.6%
2018-
Garrett Smithley
52.6%
2005, 2011
Johnny Sauter
47.4%
2010, 2012, 2014
Mike Bliss
47.4%
2010, 2013
Scott Speed
47.4%
2014
Michael Annett
47.4%
2019-
Ryan Sieg
47.4%
2010, 2012
Jason Leffler
42.1%
2011
Robby Gordon
42.1%
2012, 2015
T.J. Bell
42.1%
Years
Teamate
% Correct
2012, 2015-
2016
Timmy Hill
42.1%
2012
Ken Schrader
42.1%
2015
Josh Wise
42.1%
2015
Brendan Gaughan
42.1%
2018
Danica Patrick
42.1%
2005-
2006, 2008
Scott Pruett
36.8%
2008
Dario Franchitti
36.8%
2008
Jermey Mayfield
36.8%
2012
Terry Labonte
36.8%
2014
Bobby Labonte
36.8%
2017
Gray Gaulding
36.8%
2018
Jesse Little
36.8%
2015
Ryan Preece
36.8%
2013
Scott Riggs
31.6%
2015
Chris Buescher
31.6%
2015
Brett Moffitt
31.6%
2016
Ryan Ellis
31.6%
2019-
Justin Haley
31.6%
2005
Bobby Hamilton
26.3%
2010
Mattias Ekstrom
26.3%
2013
Blake Koch
26.3%
2015, 2018
Justin Marks
26.3%
2016
Alex Kennedy
26.3%
2016-
D.J. Kennington
26.3%
2017
Kevin O'Connell
26.3%
2017
Tommy Regan
26.3%
2017
Mark Thompson
26.3%
2011
Scott Wimmer
21.1%
2012
Stacy Compton
21.1%
2012
Chris Cook
21.1%
2017
Gary Klutt
21.1%
2010
Jacques Villeneuve
15.8%
2012
Jason White
15.8%
2012
Mike Olsen
10.5%
Quiz Playlist
Details
Report
Send in Message
Add To Playlist
Classic:
Type in answers that appear in a list
Last Updated: Oct 26, 2019
Quiz Scoreboard
CHALLENGE
Sign Up to Join the Scoreboard
Show All
Scores
Hide
Comments
May contain spoilers
Recently Published
Movies - When Are They Set?
by FPL_Elf
Movies
5m
Popular People in 1961
by mucciniale
History
6m
1-10 Letter E Words III
by El_Dandy
Language
2m
More to Explore
Quiz From the Vault
Featured Blog Post
Where Did the Easter Bunny Come From?
hide this ad
You Might Also Like...
Tags
Auto Racing Quiz
Today's Top Quizzes in Sports
Browse Sports
hide this ad
Today's Top Quizzes in Auto Racing
Browse Auto Racing
Top Contributed Quizzes in Sports
1
Les meilleurs buteurs des matchs entre le PSG et l’OM
2
FIFA Club World Cup Champions
3
Les entraîneurs de l'OM et du PSG au 21e siècle
4
2022 World Cup Stars
5
Name the Premier League winners with different clubs
6
La finale Lions - Afrique du Sud 2021
7
Criteria MLB: Left Handed Sluggers
8
Les joueurs passés par le LOSC et le RC Lens
9
Players with Multiple 50 Home Run Seasons
10
MLB Players with Two .350 Batting Average Seasons
Explore More
Trending Topics
Crossword
Harry Potter
NBA
Disney
Anime
Kpop
Marvel
The Office
WWE
Pokémon
Puzzle
Country
Soccer
NFL
Song
hide this ad
More By:
loganoelliottfan
Quiz
Plays
Rating
Category
Featured
Created
NASCAR Teammates: Chase Elliott
345
4.00
Sports
Sep 13, 2019
NASCAR Teammates: Kurt Busch
174
2.67
Sports
Sep 13, 2019
NASCAR Teammates: Ryan Blaney
156
3.00
Sports
Sep 14, 2019
NASCAR Teammates: Brad Keselowski
148
Sports
Sep 13, 2019
NASCAR Teammates: Jeff Gordon
140
5.00
Sports
Dec 29, 2019
Go to Creator's Profile
Score Distribution
Quiz Creator Spotlight
loganoelliottfan
Follow
Send a Message
Quizzes Created
-
Created Quiz Play Count
-
More By This Creator
Popular Quizzes Today
1
Find the Countries of Europe - No Outlines Minefield
2
Find the US States - No Outlines Minefield
3
The Countries of the World
4
Popular People in 1961
5
US States
6
1-10 Letter E Words III
7
Find the US States
8
One Thing in Common: World Cities II
More Sports Quizzes
Colleges in both the 2022 Men's and Women's Tournaments
Curator's Pick
Trending Quizzes
Risky Map Clicking: Least Populous States A-Z
1-10 Letter F Words
Humor Books: The Subtitles
1-10 Letter G Words
One Thing in Common: United Kingdom
Recently Updated
Leaping Animals
pecheneg
Reality TV Shows (A-Z)
bhenderson79
Rickey Henderson's Hall of Fame Teammates
pecheneg
Champions League XIs: Arsenal
pecheneg
Quick Pick: Celebrities in WWE's Hall of Fame
aduchscher
A-Z Keypad Blitz II
pecheneg
Multiple Oscar Actors
pecheneg
Mystery Phrase Blitz: Oscar 'Best Actors'
pecheneg
F. Scott Fitzgerald Novels
LTH
Pick 3 Villains
ddd62291
Trending Topics
NBA
Crossword
Marvel
Kpop
Harry Potter
Anime
Disney
Soccer
NFL
Puzzle
Country
Song
WWE
Pokémon
The Office
Your Account Isn't Verified!
In order to create a playlist on Sporcle, you need to verify the email address you used during registration. Go to your
Sporcle Settings
to finish the process.
Report this User
Report this user for behavior that violates our
Community Guidelines
.
Details:
Send Report
Go to the Sporcle.com Mobile Site →
Comments